MARC

LEADER 00000nam0a2200000 4500
001 20379
005 20231030192040.0
010 |a 5020135917 
035 |a (RuTPU)RU\TPU\book\20559 
035 |a BOOK00020629 
090 |a 20379 
100 |a 20011209d2000 m y0rusy50 ca 
101 0 |a rus 
102 |a RU 
105 |a y j 000zy 
200 1 |a Социум. Общество. История  |e учебное пособие  |f К. Х. Момджян 
210 |a Москва  |c Наука  |d 1994 
215 |a 238 с. 
610 1 |a философия 
610 1 |a социальная философия 
610 1 |a социум 
610 1 |a общество 
610 1 |a история 
610 1 |a учебные пособия 
686 |a Ю6я73  |v LBC/SL-A  |2 rubbk 
700 1 |a Момджян  |b К. Х.  |g Карен Хачикович 
801 0 |a RU  |b 63413507  |c 20011209  |g PSBO 
801 2 |a RU  |b 63413507  |c 20220526  |g PSBO 
900 |a Философия 
942 |c BK